Statistiques concernant Pays ayant les plus longues côtes d'Asie

Cliquez ici pour prendre le quiz!

Statistiques générales

  • Ce quiz a été pris 11 121 fois
    (7 914 depuis la dernière actualisation)
  • Le résultat moyen est 8 sur 10

Statistiques - réponses

kmpays% Correct
16 800Chine
99%
11 000Inde
97%
15 500Japon
97%
52 500Indonésie
94%
52 900Russie
93%
5 780Viêt Nam
85%
5 270Malaisie
81%
17 300Philippines
80%
6 330Birmanie
65%
5 160Turquie
46%

Distribution des résultats

Percentile par nombre de réponses

% des personnes avec chaque résultat

Votre développement - résultats

Vous n’avez pas pris ce quiz depuis la dernière actualisation